Lady Chatterley's lover /

Bibliographic Details
Main Author: Lawrence, D. H. (David Herbert), 1885-1930
Format: Book
Language:English
Language Notes:Cushing Memorial Library Rare copy "Gift of Harrison T. Meserole."
Published: [Place of publication not identified] : Nesor Publishing co., [between 1930 and 1939]

MARC

Tag First Indicator Second Indicator Subfields
LEADER 00000cam a2200000 4500
001 in00000024606
005 20151007062424.0
008 780530q19301939xx 00010 eng
010 |a  38017283  
035 |a (OCoLC)03938582 
035 |9 AAD4844AM 
040 |a DLC  |c OSU  |d TXA  |d UtOrBLW 
049 |a TXAM  |c [158862] 
050 0 |a PR6023.A93  |b L2 
092 |a 823  |b L419c, 1938 
100 1 |a Lawrence, D. H.  |q (David Herbert),  |d 1885-1930. 
245 1 0 |a Lady Chatterley's lover /  |c by D. H. Lawrence. 
264 1 |a [Place of publication not identified] :  |b Nesor Publishing co.,  |c [between 1930 and 1939] 
300 |a 2 pages ., 316 pages ;  |c 24 cm. 
336 |a text  |b txt  |2 rdacontent 
337 |a unmediated  |b n  |2 rdamedia 
338 |a volume  |b nc  |2 rdacarrier 
500 |a Expurgated edition. 
546 |a Cushing Memorial Library Rare copy "Gift of Harrison T. Meserole." 
999 |a MARS 
999 f f |s cd4220d4-0528-36d6-ad17-bfb5dd6ae618  |i d8604fb5-74af-3453-9192-c32d83285c96  |t 0 
952 f f |p noncirc  |a Texas A&M University  |b College Station  |c Cushing Memorial Library & Archives  |d Cushing: Rare Books (Does not check out)  |t 0  |e PR6023.A93 L2  |h Library of Congress classification  |i unmediated -- volume 
998 f f |a PR6023.A93 L2  |t 0  |l Cushing: Rare Books (Does not check out)